Roller Coaster + Flat Ride Manufacturers - Statistics

General Stats
  • This quiz has been taken 75 times
  • The average score is 15 of 25
Answer Stats
Ride Models Manufacturer % Correct
Inverted,Dive, Flying, Wing, Hyper/Gigas Bolliger and Mabillard
98%
LSM launch,Mega Coaster, Accelerator, Multi-Dimension Intamin
97%
SLC,STC, Boomerang, Tilt coaster Vekoma
95%
I-Box,Raptor (single rail), Refurbishments Rocky Mountain Construction
93%
4th Dimension,Hyper, Corkscrew, Suspended Coaster Arrow Dynamics
92%
Stryker,LSM Launch, Water Coaster, Powered Europa park Mack Rides
92%
Wooden,Wickerman (Alton Towers), Mystic Timbers (Kings Island) Great Coasters International
90%
Euro-Fighter,Infinity Coaster, Bobsled Gerstlauer
83%
LIM launch,Shuttle Loop, Sky Rocket Premier Rides
71%
Wooden,Tonnere du Zeus (parc astérix), Megaphobia (oakwood) Custom Coasters International
69%
Spinning wild mouse,Nebulaz, Disk-o Zamperla
69%
Wooden,Voyage (Holiday World), Twister (Gröna Lund) Gravity Group
68%
Shuttle Loop,Jet star, Alpen blitz Olympia Looping Schwarzkopf
63%
4th Dimension,El loco, Axis Coaster, Free spin, Screamin swing S&S Worldwide
56%
Invert,Mega Coaster, (Became another manufacturer in this quiz [Hint: invert, dive, flying]) Giovanola
53%
Spinning Coaster,Sky loop, X-Car Maurer Söhne
49%
Wooden,The Beast (Kings Island), Woodstock express (Carowinds) Philadelphia toboggan coasters
49%
Force Coaster,Family Boomerang, Tivoli Zierer
44%
Wooden,Mean Streak (Cedar Point), Texas Giant (SFOT) Dinn Corp
42%
Topspin,Breakdance, Giant Frisbee, Shot and drop towers, (Flat rides) Huss
36%
Zyklon Looper,Xpress,
Might mini mega
Pinfari
29%
Suspended,Moto coaster, Broken rail coaster, Space car Jinma
24%
Topscan,Observation wheels, Star flyer, Mistral, Shake Mondial
19%
SFX Coaster,Synergy, Big thunder mountain (california) Dynamic Attractions
15%
Afterburner,Discovery, Experience, (Flat rides) KMG
14%
No matching quizzes found
Score Distribution
Percent of People with Each Score
Percentile by Number Answered
Your Score History
You have not taken this quiz